000 00738nam a2200253 a 4500
001 000024780
003 DO-SdBNP
005 20251015114645.0
008 110204s1968 dr 000 0 spa d
040 _aDO-SdBNP
_bspa
_cBNPHU
_erda
041 _aspa
049 _aBNPD
082 4 _a242.5
_bR712a
_222
100 1 _aRosario Ramos, Tomás
_926353
245 1 0 _aAntena en lo alto /
_cTomas Rosario Ramos
264 4 _aSanto Domingo :
_bEditorial Libreria Dominicana,
_c1968.
300 _a202 páginas ;
_c21 cm.
336 _atexto
_btxt
_2rdacontent
337 _asin mediación
_bn
_2rdamedia
338 _avolumen
_bnc
_2rdacarrier
650 4 _aReligión
_91906
910 _aValidado control de calidad/ MAA
942 _2ddc
_cLBS1
999 _c24273
_d24273